000 01058ngm a2200217 a 4500
005 20250311063801.0
008 010911s1997 mx r 000 0 spa d
035 _aUPN01000111289
049 _aAV
099 _aPVI LB 0956
245 0 0 _aInternet.
260 _aMéxico :
_bILCE,
_c1997.
300 _a1 videocassette (VHS) (54 min):
_bson., col.
440 0 _aTus hijos en el siglo XXI ;
_v12
501 _aCon: Educación para el futuro
520 _aEn este capítulo las preguntas a responder son: ¿como influye Internet en la manera de ser y pensar, cómo deben de prepararse los padres, cuales son los peligros que trae consigo el abuso de esta herramienta? En: Educación para el futuro se visualiza que en una sociedad informatizada la educación no ha quedado al margen, ya que en la actualidad, con mayor frecuencia, se han incorporado las nuevas tecnologías al proceso de enseñanza-aprendizaje
650 4 _aEducación
_xInvestigación
_94070
650 4 _aInternet
_9547
740 0 _aEducación para el futuro
905 _aAudiovisuales
999 _c85198
_d85198